| 000 | 00421nam a2200193Ia 4500 | ||
|---|---|---|---|
| 003 | OSt | ||
| 005 | 20231009134736.0 | ||
| 008 | 230312s9999||||xx |||||||||||||| ||und|| | ||
| 020 | _a9788120338241 | ||
| 040 | _cabc | ||
| 082 |
_a621.395 _bWOL-M |
||
| 100 | _aWolf, Wayne | ||
| 245 | 0 | _aModern VLSI Design | |
| 260 |
_bPHI _aIndia _c2009 |
||
| 300 | _a627 | ||
| 546 | _aEng. | ||
| 650 | _aEngineering | ||
| 942 |
_cBK _2ddc |
||
| 999 |
_c6095 _d6095 |
||